Kadra reprezentacji Francji - MŚ 2010 - Statystyki

Ogólne statystyki
  • Ten quiz został rozwiązany 28 razy
  • Średni wynik to 10 z 24
Statystyki odpowiedzi
Nr Zawodnik Poz % Poprawnych
1 Hugo Lloris BR
92%
7 Franck Ribéry PO
88%
12 Thierry Henry NA
77%
15 Florent Malouda PO
69%
13 Patrice Evra OB
65%
2 Bacary Sagna OB
58%
16 Steve Mandanda BR
58%
3 Éric Abidal OB
54%
22 Gaël Clichy OB
42%
11 André-Pierre Gignac NA
38%
# Raymond Domenech Trener
38%
10 Sidney Govou NA
38%
5 William Gallas OB
38%
18 Alou Diarra PO
35%
20 Mathieu Valbuena PO
35%
8 Yoann Gourcuff PO
31%
19 Abou Diaby PO
27%
14 Jérémy Toulalan PO
23%
21 Nicolas Anelka NA
23%
23 Cédric Carrasso BR
19%
9 Djibril Cissé NA
19%
17 Sébastien Squillaci OB
15%
4 Anthony Réveillère OB
12%
6 Marc Planus OB
8%
Nie znaleziono quizów pasujących do podanych kryteriów
Rozkład punktacji
Procent ludzi z każdym wynikiem
Percentyl według liczby udzielonych odpowiedzi
Twoja historia wyników
Nie rozwiązałeś tego quizu